[Event "AUTO-ADV-1084"]
[Site "http://www.queenalice.com/game.php?id=482635"]
[Date "2008.10.25"]
[Round "1"]
[White "igorsquash"]
[Black "Mikalus"]
[Result "0-1"]
[WhiteElo "1698"]
[BlackElo "1881"]

1. e4 c5 2. Bc4 Nc6 3. Nf3 e6 4. c3 a6 5. d4 b5 6. Bb3 c4 7. Bc2 g6 8. d5 Na5 9.
b4 cxb3 10. axb3 Bb7 11. Ne5 Bg7 12. Nd3 Nh6 13. Bg5 Qxg5 14. g3 O-O 15. Na3
Bxc3+ 16. Ke2 Bxa1 17. Qxa1 exd5 18. Nc5 Bc6 19. b4 Nc4 20. Nxc4 dxc4 21. Rd1
Rfe8 22. Rd6 a5 23. Nxd7 Bxe4 24. Nf6+ Kg7 25. Nxe4+ Kf8 26. Kf1 Qe5 27. Qc1 Nf5
28. Rc6 axb4 29. Nc5 Ra1 30. Bb1 Qd5 31. Rc7 Qh1# 0-1

[Event "AUTO-ADV-1084"]
[Site "http://www.queenalice.com/game.php?id=482650"]
[Date "2008.10.25"]
[Round "1"]
[White "ThurstonRar"]
[Black "igorsquash"]
[Result "1-0"]
[WhiteElo "1799"]
[BlackElo "1714"]

1. Nf3 Nc6 2. d4 d5 3. c4 Bg4 4. Nc3 Bxf3 5. gxf3 dxc4 6. d5 Ne5 7. Bf4 f6 8.
Bg2 g5 9. Bxe5 fxe5 10. Qa4+ Qd7 11. Qxc4 Nf6 12. e4 Bh6 13. Nb5 c6 14. Nc3 cxd5
15. exd5 Rc8 16. Qd3 Rc5 17. Rd1 Nh5 18. Ne2 Nf4 19. Nxf4 gxf4 20. O-O O-O 21.
d6 e6 22. Bh3 Rd5 23. Qxd5 exd5 24. Bxd7 Rd8 25. Be6+ Kg7 26. Rxd5 Kf6 27. Bg4
Bf8 28. d7 b6 29. Rc1 Bc5 30. b4 Bd4 31. Rc8 Rxd7 32. Bxd7 1-0

[Event "AUTO-ADV-1084"]
[Site "http://www.queenalice.com/game.php?id=482651"]
[Date "2008.10.25"]
[Round "1"]
[White "igorsquash"]
[Black "ThurstonRar"]
[Result "0-1"]
[WhiteElo "1747"]
[BlackElo "1784"]

1. e4 c6 2. d4 d5 3. e5 Bf5 4. Bd3 Bxd3 5. Qxd3 e6 6. Nf3 Nd7 7. O-O c5 8. c3
Qb6 9. b3 Rc8 10. Ba3 c4 11. bxc4 Rxc4 12. Nbd2 Rc7 13. Bxf8 Nxf8 14. Rfb1 Qc6
15. Qb5 b6 16. a4 Nd7 17. a5 Qxb5 18. Rxb5 Rxc3 19. axb6 Nxb6 20. h3 Rc7 21. Nb3
Ne7 22. Nc5 O-O 23. Rba5 Ra8 24. Ra6 Nc4 25. R1a2 Nc6 26. Nd2 Nb4 27. Nxc4 Nxa6
28. Rxa6 dxc4 29. Kf1 Rd8 30. Rd6 Rdc8 31. Ke2 f6 32. Rxe6 Kf7 33. f4 Rxc5 0-1

[Event "AUTO-ADV-1084"]
[Site "http://www.queenalice.com/game.php?id=482660"]
[Date "2008.10.25"]
[Round "1"]
[White "CaptainJester"]
[Black "igorsquash"]
[Result "0-1"]
[WhiteElo "1767"]
[BlackElo "1671"]

1. e4 e5 2. Nf3 d6 3. Bc4 h6 4. O-O Nf6 5. Nc3 c6 6. d4 Nbd7 7. dxe5 dxe5 8. b3
Bb4 9. Bb2 Bxc3 10. Bxc3 O-O 11. Nxe5 b5 12. Nxc6 Qc7 13. Bxb5 a6 14. Ne7+ Kh8
15. Bxd7 Nxd7 16. Nf5 Qxc3 17. Ne7 Nf6 18. f4 Nxe4 19. Rf3 Qc5+ 0-1

[Event "AUTO-ADV-1084"]
[Site "http://www.queenalice.com/game.php?id=482661"]
[Date "2008.10.25"]
[Round "1"]
[White "igorsquash"]
[Black "CaptainJester"]
[Result "1/2-1/2"]
[WhiteElo "1751"]
[BlackElo "1789"]

1. e4 c5 2. c3 Nc6 3. Nf3 g6 4. d4 cxd4 5. Nxd4 Bg7 6. Nxc6 bxc6 7. Bd3 Nf6 8.
Bg5 O-O 9. O-O e5 10. Nd2 d5 11. exd5 cxd5 12. Qc2 e4 13. Bxf6 Bxf6 14. Bb5 Bb7
15. Rad1 Be5 16. Nxe4 Qb6 17. Bd3 dxe4 18. Bxe4 Bxe4 19. Qxe4 Qc7 20. g3 Bg7 21.
Rd3 Rfe8 22. Qf3 Qb6 23. b3 Qa6 24. a4 Rac8 25. c4 Qb6 26. Rfd1 Rcd8 27. Rxd8
Rxd8 28. Rxd8+ Qxd8 29. Qb7 Qb6 30. Qxb6 axb6 31. Kg2 Kf8 32. Kf3 Ke7 33. Ke4
Kd6 34. Kd3 Kc5 35. f4 f5 36. h3 h5 37. g4 Bf6 38. g5 Bg7 1/2-1/2

[Event "Challenge"]
[Site "http://www.queenalice.com/game.php?id=492293"]
[Date "2008.11.12"]
[Round "-"]
[White "igorsquash"]
[Black "danilopsv"]
[Result "0-1"]
[WhiteElo "1752"]
[BlackElo "2093"]

1. e4 g6 2. e5 Bg7 3. d4 d6 4. f4 e6 5. Nf3 Nc6 6. Bb5 Bd7 7. Bxc6 Bxc6 8. Nbd2
Ne7 9. Nb3 O-O 10. c4 b5 11. c5 a5 12. Bd2 a4 13. Na5 Bd5 14. Bb4 Nf5 15. a3
Bxf3 16. gxf3 Qh4+ 17. Ke2 dxe5 18. Bc3 Qxf4 19. Nc6 Qe3+ 20. Kf1 exd4 21. Bd2
Qd3+ 22. Kf2 Ne3 23. Bxe3 dxe3+ 24. Kg2 Qc4 25. Rc1 Qh4 26. Qe2 e5 27. Qxe3 Bh6
28. Qxe5 Rfe8 29. Qc3 Re2+ 30. Kf1 Qf2# 0-1

[Event "Challenge"]
[Site "http://www.queenalice.com/game.php?id=492296"]
[Date "2008.11.12"]
[Round "-"]
[White "danilopsv"]
[Black "igorsquash"]
[Result "1-0"]
[WhiteElo "2095"]
[BlackElo "1759"]

1. d4 d5 2. Nf3 Nf6 3. c4 Nc6 4. e3 Bg4 5. Be2 Bxf3 6. Bxf3 e6 7. O-O Bd6 8. b3
O-O 9. Nc3 Bb4 10. Bb2 Na5 11. Qd3 b6 12. a3 Bd6 13. Ne2 Nc6 14. Rac1 Ne7 15. c5
bxc5 16. dxc5 Bxh2+ 17. Kxh2 e5 18. Bxe5 Nc6 19. Bg3 Re8 20. Nd4 Nxd4 21. Qxd4
c6 22. Kg1 Qa5 23. Be5 Rxe5 24. Qxe5 Qxa3 25. Qc7 Qa6 26. Ra1 Rc8 27. Qxa7 Qxa7
28. Rxa7 Kf8 29. Rfa1 Ne8 30. Rb7 g6 31. Raa7 f5 32. g4 h6 33. gxf5 gxf5 34. Bh5
1-0

[Event "The Blues"]
[Site "http://www.queenalice.com/game.php?id=519895"]
[Date "2009.1.9"]
[Round "-"]
[White "bobifixer"]
[Black "igorsquash"]
[Result "1-0"]
[WhiteElo "1790"]
[BlackElo "1678"]

1. c4 e5 2. Nc3 c6 3. d3 Bb4 4. Bd2 Nf6 5. Nf3 d6 6. g3 Bxc3 7. Bxc3 O-O 8. Bg2
Bg4 9. O-O Bxf3 10. Bxf3 Nbd7 11. b4 Re8 12. e4 a6 13. Bg2 b5 14. cxb5 axb5 15.
a4 Qb6 16. a5 1-0

[Event "Challenge"]
[Site "http://www.queenalice.com/game.php?id=526119"]
[Date "2009.1.20"]
[Round "-"]
[White "igorsquash"]
[Black "Enya"]
[Result "0-1"]
[WhiteElo "1678"]
[BlackElo "1917"]

1. e4 e5 2. d4 Nc6 3. d5 Nb8 4. f4 d6 5. Nf3 Nd7 6. Be3 exf4 7. Bxf4 Ngf6 8. Bd3
Be7 9. O-O O-O 10. Nbd2 c5 11. Bg3 a6 12. h3 b5 0-1

[Event "Challenge"]
[Site "http://www.queenalice.com/game.php?id=526606"]
[Date "2009.1.21"]
[Round "-"]
[White "Sigmund"]
[Black "igorsquash"]
[Result "1-0"]
[WhiteElo "1810"]
[BlackElo "1689"]

1. e4 e5 2. Nf3 d6 3. h3 Be6 4. Nc3 Nd7 5. Bb5 a6 6. Ba4 Nf6 7. O-O Be7 8. d3 b5
9. Bb3 Bxb3 10. axb3 c6 11. Be3 b4 12. Ne2 1-0